000 00600nam a2200229Ia 4500
003 OSt
005 20220925201900.0
006 a|||||r|||| 00| 0
007 ta
008 220923b |||||||| |||| 00| 0 eng d
037 _cGeneral Book
040 _aRTL
_cRTL
_beng
041 _2eng
_aeng
082 _aX724.2.N7, L3 D&W
100 _aRara H C
_9262787
245 0 _aAy kar
260 _aDelhi
_bNational Publishing House India
_c1973
300 _aVP
_ccm.
650 _aIncome Tax
942 _hX724.2.N7, L3 D&W
_cGB
_2CC
999 _c541600
_d541600